Most Popular Thai Dishes - Statistics

General Stats
  • This quiz has been taken 360 times
  • The average score is 6 of 12
Answer Stats
Picture Answer % Correct
Pad Thai
97%
Tom Yum
86%
Papaya Salad (Som Tam)
79%
Green Curry (Kaeng Khiao Wan)
73%
Mango Sticky Rice
70%
Red Curry (Kaeng Phet)
47%
Khao Soi
42%
Pad See Ew
31%
Kaeng Matsman
29%
Tom Kha Gai
19%
Panang Curry
16%
Yellow Curry (Kaeng Kari)
14%
No matching quizzes found
Score Distribution
Percent of People with Each Score
Percentile by Number Answered
Your Score History
You have not taken this quiz